000 01347nam a2200253Ii 4500
003 JO-AjNU
005 20240625092259.0
008 230605s9999||||xx |||||||||||||| ||und||
040 _aJO-AjNU
_bara
_erda
_cJO-AjNU
041 _aara
050 1 4 _aHD30.213.2020
100 1 _aالعجلوني، ناصر ابراهيم
_965569
245 0 0 _aدور الخدمات الالكترونية في تعزيز النزاهة والشفافية في دائرة الجمارك الاردنية = The role of E-services in enhancing integrity and transparency in jordanian customs department /
_cاعداد ناصر ابراهيم العجلوني ؛ اشراف محمود علي الروسان، خالد محمد الذيابات
260 _c2020
300 _a115 ورقة
336 _atext
_btxt
_2rdacontent
337 _aunmediated
_bn
_2rdamedia
338 _avolume
_bnc
_2rdacarrier
500 _aرسالة جامعية(اطروحة ماجستير) جامعة عجلون الوطنية، كلية ادارة الاعمال، تخصص ادارة الاعمال، 2020
650 7 _aالجمارك الاردنية - الخدمات الالترونية- النزاهه
_959820
700 1 _aالروسان، محمود علي
_eمشرف
_965363
700 1 _aذيابات، خالد محمد
_eمشرف مشارك
_965571
942 _2lcc
_cTHS
999 _c30506
_d30506